000 00608nam a2200217 a 4500
999 _c2642
_d2642
001 2642
003 BD-JhCC
005 20171105184616.0
008 171105s1987 bg |||| ||a| 000 0 ben d
035 _a(BD-JhCC) 2642
040 _aBD-JhCC
_dBD-JhCC
041 _aben
082 _a891.4435
_bHAQ 1987
100 _aহক, সুলতানা
245 _aদেশকাল /
_c সুলতানা হক
260 _aঢাকা :
_bঅয়ন প্রকাশনী ,
_c1987
300 _a299 p .:
_c22 cm .
650 _aCollection of short stories
942 _2ddc
_cBK